Battlefront 2 Hero and Villain blaster weapons - Statistics

General Stats
  • This quiz has been taken 27 times
  • The average score is 3 of 9
Answer Stats
Picture Answer % Correct
Bowcaster
82%
DL-44
71%
TL-50
47%
EE-3
35%
Defender Pistol
18%
EL-16
12%
F-11D
12%
Relby-V10
12%
X-8 Night Sniper
6%
No matching quizzes found
Score Distribution
Percent of People with Each Score
Percentile by Number Answered
Your Score History
You have not taken this quiz